|
|
|
|
| LEADER |
01355nam a22003252a 4500 |
| 001 |
000041524 |
| 003 |
CZ BrMZK |
| 005 |
20210216103654.0 |
| 007 |
ta |
| 008 |
010907s1982 xr af f cze d |
| 015 |
|
|
|a cnb000134463
|
| 040 |
|
|
|a ABA001
|b cze
|c ABA001
|d BOA002
|d ABA001
|
| 080 |
9 |
|
|a 599.018:591.5(02.053.2)(035)
|2 MRF
|
| 100 |
1 |
|
|a Anděra, Miloš,
|d 1947-
|7 jk01010263
|4 aut
|
| 245 |
1 |
0 |
|a Poznáváme naše savce /
|c Miloš Anděra, Ivan Horáček ; il. Jana Rožánková ; fot. M. Anděra
|
| 250 |
|
|
|a 1. vyd.
|
| 260 |
|
|
|a Praha :
|b Mladá fronta,
|c 1982
|
| 300 |
|
|
|a 253 s., [32] barev. obr. příl. :
|b il. ;
|c 21 cm
|
| 490 |
1 |
|
|a Jak ;
|v sv. 70
|
| 504 |
|
|
|a Obsahuje bibliografii a rejstřík
|
| 700 |
1 |
|
|a Rožánková, Jana,
|d 1947-
|7 xx0030016
|4 ill
|
| 700 |
1 |
|
|a Horáček, Ivan,
|d 1952-
|7 jk01042018
|4 aut
|
| 830 |
|
0 |
|a Jak (Mladá fronta) ;
|0 s
|
| 856 |
4 |
1 |
|u http://www.digitalniknihovna.cz/mzk/uuid/uuid:0efabd80-f9d5-11e2-9923-005056827e52
|y Digitalizovan dokument
|
| 910 |
|
|
|a BOA001
|b PK-0094.779
|b 2-0855.781
|
| 920 |
|
|
|a 000143582
|
| 964 |
|
|
|a Savci - určování a bionomie - příručky pro mládež
|
| 990 |
|
|
|a BK
|
| 996 |
6 |
|
|b 2610597600
|c 2-0855.781
|l MZK
|r Sklad / do 1 hodiny
|n 0
|p dar
|w 000041524
|u 000030
|a 1
|e BOA001
|j MZK50
|s P
|
| 996 |
7 |
|
|b 2619956098
|c 2-0855.781
|l MZK
|r Sklad / do 1 hodiny
|n 44
|w 000041524
|u 000020
|a 1
|e BOA001
|j MZK50
|s A
|